LEADER 01443nam 2200325 n 450 001 996386296403316 005 20221108092521.0 035 $a(CKB)1000000000615817 035 $a(EEBO)2240910122 035 $a(UnM)99837095 035 $a(EXLCZ)991000000000615817 100 $a19900927d1617 uy | 101 0 $aeng 135 $aurbn||||a|bb| 200 02$aA theological discourse of the gracious and blessed coniunction of Christ and a sincere Christian. By Tho: Tuke Preacher of Gods word. The blessed virgin Mary brought foorth Christ, and the Catholique Church brings foorth all true Christians$b[electronic resource] 210 $aLondon $cPrinted by Edw: Griffin dwelling in the little Old-baily neere the signe of the Kings head$d1617 215 $a[8], 152 p 300 $aRunning title reads: Of the coniunction of Christ, and a Christian. 300 $aReproduction of original in the Bodleian Library. 330 $aeebo-0014 700 $aTuke$b Thomas$fd. 1657.$01002485 801 0$bCu-RivES 801 1$bCu-RivES 801 2$bUk-ES 801 2$bCStRLIN 801 2$bWaOLN 906 $aBOOK 912 $a996386296403316 996 $aA theological discourse of the gracious and blessed coniunction of Christ and a sincere Christian. By Tho: Tuke Preacher of Gods word. The blessed virgin Mary brought foorth Christ, and the Catholique Church brings foorth all true Christians$92394891 997 $aUNISA